El Irracionalismo como ideología de la ciencia educativa (Costa Rica 1969-1970)

Đã lưu trong:
Chi tiết về thư mục
Tác giả chính: Morales Morales, Carlos Manuel
Định dạng: Texto
Được phát hành: Heredia :
Các nhãn: Thêm thẻ
Không có thẻ, Là người đầu tiên thẻ bản ghi này!

MARC

LEADER 00000 a a2200000 04500
001 16541
003
040
090 |a 012500  
100 |a Morales Morales, Carlos Manuel  
245 |a El Irracionalismo como ideología de la ciencia educativa (Costa Rica 1969-1970)  
260 |a Heredia :  
300 |a 6 p.  
999 |c 5668  |d 5668